Pokemon Generation 1-6 - Statistics

General Stats
  • This quiz has been taken 91 times
  • The average score is 419 of 721
Answer Stats
No. Type Pokémon % Correct
#0001 Grass Poison Bulbasaur
100%
#0002 Grass Poison Ivysaur
96%
#0015 Bug Poison Beedrill
93%
#0009 Water Blastoise
93%
#0012 Bug Flying Butterfree
93%
#0010 Bug Caterpie
93%
#0006 Fire Flying Charizard
93%
#0004 Fire Charmander
93%
#0005 Fire Charmeleon
93%
#0011 Bug Metapod
93%
#0007 Water Squirtle
93%
#0008 Water Wartortle
93%
#0024 Poison Arbok
89%
#0023 Poison Ekans
89%
#0014 Bug Poison Kakuna
89%
#0018 Normal Flying Pidgeot
89%
#0017 Normal Flying Pidgeotto
89%
#0016 Normal Flying Pidgey
89%
#0025 Electric Pikachu
89%
#0026 Electric Raichu
89%
#0019 Normal Rattata
89%
#0003 Grass Poison Venusaur
89%
#0013 Bug Poison Weedle
89%
#0034 Poison Ground Nidoking
86%
#0031 Poison Ground Nidoqueen
86%
#0029 | #0032 Poison Nidoran
86%
#0030 Poison Nidorina
86%
#0033 Poison Nidorino
86%
#0020 Normal Raticate
86%
#0021 Normal Flying Spearow
86%
#0144 Ice Flying Articuno
82%
#0149 Dragon Flying Dragonite
82%
#0147 Dragon Dratini
82%
#0022 Normal Flying Fearow
82%
#0136 Fire Flareon
82%
#0092 Ghost Poison Gastly
82%
#0094 Ghost Poison Gengar
82%
#0074 Rock Ground Geodude
82%
#0076 Rock Ground Golem
82%
#0075 Rock Ground Graveler
82%
#0093 Ghost Poison Haunter
82%
#0135 Electric Jolteon
82%
#0068 Fighting Machamp
82%
#0067 Fighting Machoke
82%
#0129 Water Magikarp
82%
#0126 Fire Magmar
82%
#0081 Electric Steel Magnemite
82%
#0082 Electric Steel Magneton
82%
#0151 Psychic Mew
82%
#0150 Psychic Mewtwo
82%
#0146 Fire Flying Moltres
82%
#0095 Rock Ground Onix
82%
#0027 Ground Sandshrew
82%
#0028 Ground Sandslash
82%
#0123 Bug Flying Scyther
82%
#0143 Normal Snorlax
82%
#0197 Dark Umbreon
82%
#0134 Water Vaporeon
82%
#0145 Electric Flying Zapdos
82%
#0063 Psychic Abra
79%
#0142 Rock Flying Aerodactyl
79%
#0065 Psychic Alakazam
79%
#0069 Grass Poison Bellsprout
79%
#0152 Grass Chikorita
79%
#0035 Fairy Clefairy
79%
#0148 Dragon Dragonair
79%
#0133 Normal Eevee
79%
#0125 Electric Electabuzz
79%
#0196 Psychic Espeon
79%
#0471 Ice Glaceon
79%
#0055 Water Golduck
79%
#0058 Fire Growlithe
79%
#0130 Water Flying Gyarados
79%
#0107 Fighting Hitmonchan
79%
#0106 Fighting Hitmonlee
79%
#0140 Rock Water Kabuto
79%
#0141 Rock Water Kabutops
79%
#0064 Psychic Kadabra
79%
#0470 Grass Leafeon
79%
#0066 Fighting Machop
79%
#0258 Water Mudkip
79%
#0138 Rock Water Omanyte
79%
#0139 Rock Water Omastar
79%
#0054 Water Psyduck
79%
#0086 Water Seel
79%
#0079 Water Psychic Slowpoke
79%
#0121 Water Psychic Starmie
79%
#0120 Water Staryu
79%
#0208 Steel Ground Steelix
79%
#0255 Fire Torchic
79%
#0252 Grass Treecko
79%
#0049 Bug Poison Venomoth
79%
#0070 Grass Poison Weepinbell
79%
#0110 Poison Weezing
79%
#0059 Fire Arcanine
75%
#0371 Dragon Bagon
75%
#0153 Grass Bayleef
75%
#0374 Steel Psychic Beldum
75%
#0257 Fire Fighting Blaziken
75%
#0390 Fire Chimchar
75%
#0036 Fairy Clefable
75%
#0091 Water Ice Cloyster
75%
#0256 Fire Fighting Combusken
75%
#0155 Fire Cyndaquil
75%
#0087 Water Ice Dewgong
75%
#0050 Ground Diglett
75%
#0051 Ground Dugtrio
75%
#0244 Fire Entei
75%
#0253 Grass Grovyle
75%
#0237 Fighting Hitmontop
75%
#0109 Poison Koffing
75%
#0246 Rock Ground Larvitar
75%
#0249 Psychic Flying Lugia
75%
#0404 Electric Luxio
75%
#0405 Electric Luxray
75%
#0376 Steel Psychic Metagross
75%
#0446 Normal Munchlax
75%
#0484 Water Dragon Palkia
75%
#0061 Water Poliwhirl
75%
#0247 Rock Ground Pupitar
75%
#0243 Electric Raikou
75%
#0373 Dragon Flying Salamence
75%
#0254 Grass Sceptile
75%
#0212 Bug Steel Scizor
75%
#0080 Water Psychic Slowbro
75%
#0245 Water Suicune
75%
#0260 Water Ground Swampert
75%
#0128 Normal Tauros
75%
#0072 Water Poison Tentacool
75%
#0073 Water Poison Tentacruel
75%
#0158 Water Totodile
75%
#0248 Rock Dark Tyranitar
75%
#0267 Bug Flying Beautifly
71%
#0251 Psychic Grass Celebi
71%
#0386 Psychic Deoxys
71%
#0269 Bug Poison Dustox
71%
#0395 Water Steel Empoleon
71%
#0160 Water Feraligatr
71%
#0282 Psychic Fairy Gardevoir
71%
#0362 Ice Glalie
71%
#0042 Poison Flying Golbat
71%
#0383 Ground Groudon
71%
#0250 Fire Flying Ho-Oh
71%
#0163 Normal Flying Hoothoot
71%
#0039 Normal Fairy Jigglypuff
71%
#0124 Ice Psychic Jynx
71%
#0382 Water Kyogre
71%
#0131 Water Ice Lapras
71%
#0380 Dragon Psychic Latias
71%
#0381 Dragon Psychic Latios
71%
#0240 Fire Magby
71%
#0462 Electric Steel Magnezone
71%
#0056 Fighting Mankey
71%
#0154 Grass Meganium
71%
#0052 Normal Meowth
71%
#0375 Steel Psychic Metang
71%
#0038 Fire Ninetales
71%
#0164 Normal Flying Noctowl
71%
#0274 Grass Dark Nuzleaf
71%
#0043 Grass Poison Oddish
71%
#0053 Normal Persian
71%
#0172 Electric Pichu
71%
#0127 Bug Pinsir
71%
#0393 Water Piplup
71%
#0060 Water Poliwag
71%
#0077 Fire Ponyta
71%
#0078 Fire Rapidash
71%
#0384 Dragon Flying Rayquaza
71%
#0378 Ice Regice
71%
#0377 Rock Regirock
71%
#0379 Steel Registeel
71%
#0112 Ground Rock Rhydon
71%
#0117 Water Seadra
71%
#0119 Water Seaking
71%
#0275 Grass Dark Shiftry
71%
#0403 Electric Shinx
71%
#0199 Water Psychic Slowking
71%
#0398 Normal Flying Staraptor
71%
#0396 Normal Flying Starly
71%
#0283 Bug Water Surskit
71%
#0700 Fairy Sylveon
71%
#0389 Grass Ground Torterra
71%
#0387 Grass Turtwig
71%
#0157 Fire Typhlosion
71%
#0048 Bug Poison Venonat
71%
#0045 Grass Poison Vileplume
71%
#0037 Fire Vulpix
71%
#0040 Normal Fairy Wigglytuff
71%
#0041 Poison Flying Zubat
71%
#0306 Steel Rock Aggron
68%
#0304 Steel Rock Aron
68%
#0399 Normal Bidoof
68%
#0268 Bug Cascoon
68%
#0113 Normal Chansey
68%
#0173 Fairy Cleffa
68%
#0483 Steel Dragon Dialga
68%
#0096 Psychic Drowzee
68%
#0478 Ice Ghost Froslass
68%
#0475 Psychic Fighting Gallade
68%
#0044 Grass Poison Gloom
68%
#0118 Water Goldeen
68%
#0088 Poison Grimer
68%
#0214 Bug Fighting Heracross
68%
#0116 Water Horsea
68%
#0229 Dark Fire Houndoom
68%
#0228 Dark Fire Houndour
68%
#0097 Psychic Hypno
68%
#0174 Normal Fairy Igglybuff
68%
#0392 Fire Fighting Infernape
68%
#0385 Steel Psychic Jirachi
68%
#0230 Water Dragon Kingdra
68%
#0270 Water Grass Lotad
68%
#0448 Fighting Steel Lucario
68%
#0467 Fire Magmortar
68%
#0259 Water Ground Marshtomp
68%
#0262 Dark Mightyena
68%
#0391 Fire Fighting Monferno
68%
#0122 Psychic Fairy Mr. Mime
68%
#0089 Poison Muk
68%
#0062 Water Fighting Poliwrath
68%
#0261 Dark Poochyena
68%
#0137 Normal Porygon
68%
#0057 Fighting Primeape
68%
#0156 Fire Quilava
68%
#0280 Psychic Fairy Ralts
68%
#0111 Ground Rock Rhyhorn
68%
#0292 Bug Ghost Shedinja
68%
#0266 Bug Silcoon
68%
#0227 Steel Flying Skarmory
68%
#0361 Ice Snorunt
68%
#0397 Normal Flying Staravia
68%
#0276 Normal Flying Taillow
68%
#0114 Grass Tangela
68%
#0175 Fairy Togepi
68%
#0236 Fighting Tyrogue
68%
#0071 Grass Poison Victreebel
68%
#0413 Bug Varies Wormadam
68%
#0265 Bug Wurmple
68%
#0242 Normal Blissey
64%
#0286 Grass Fighting Breloom
64%
#0408 Rock Cranidos
64%
#0169 Poison Flying Crobat
64%
#0159 Water Croconaw
64%
#0104 Ground Cubone
64%
#0085 Normal Flying Dodrio
64%
#0084 Normal Flying Doduo
64%
#0466 Electric Electivire
64%
#0101 Electric Electrode
64%
#0239 Electric Elekid
64%
#0102 Grass Psychic Exeggcute
64%
#0103 Grass Psychic Exeggutor
64%
#0445 Dragon Ground Garchomp
64%
#0487 Ghost Dragon Giratina
64%
#0658 Water Dark Greninja
64%
#0388 Grass Grotle
64%
#0281 Psychic Fairy Kirlia
64%
#0305 Steel Rock Lairon
64%
#0171 Water Electric Lanturn
64%
#0264 Normal Linoone
64%
#0271 Water Grass Lombre
64%
#0272 Water Grass Ludicolo
64%
#0105 Ground Marowak
64%
#0284 Bug Flying Masquerain
64%
#0350 Water Milotic
64%
#0198 Dark Flying Murkrow
64%
#0291 Bug Flying Ninjask
64%
#0299 Rock Nosepass
64%
#0046 Bug Grass Paras
64%
#0047 Bug Grass Parasect
64%
#0221 Ice Ground Piloswine
64%
#0311 Electric Plusle
64%
#0394 Water Prinplup
64%
#0476 Rock Steel Probopass
64%
#0464 Ground Rock Rhyperior
64%
#0447 Fighting Riolu
64%
#0273 Grass Seedot
64%
#0372 Dragon Shelgon
64%
#0090 Water Shellder
64%
#0285 Grass Shroomish
64%
#0289 Normal Slaking
64%
#0238 Ice Psychic Smoochum
64%
#0363 Ice Water Spheal
64%
#0277 Normal Flying Swellow
64%
#0220 Ice Ground Swinub
64%
#0468 Fairy Flying Togekiss
64%
#0176 Fairy Flying Togetic
64%
#0324 Fire Torkoal
64%
#0100 Electric Voltorb
64%
#0340 Water Ground Whiscash
64%
#0263 Normal Zigzagoon
64%
#0334 Dragon Flying Altaria
61%
#0493 Normal Arceus
61%
#0168 Bug Poison Ariados
61%
#0339 Water Ground Barboach
61%
#0400 Normal Water Bibarel
61%
#0412 Bug Burmy
61%
#0650 Grass Chespin
61%
#0170 Water Electric Chinchou
61%
#0491 Dark Darkrai
61%
#0132 Normal Ditto
61%
#0355 Ghost Duskull
61%
#0500 Fire Fighting Emboar
61%
#0349 Water Feebas
61%
#0656 Water Froakie
61%
#0444 Dragon Ground Gabite
61%
#0443 Dragon Ground Gible
61%
#0207 Ground Flying Gligar
61%
#0472 Ground Flying Gliscor
61%
#0297 Fighting Hariyama
61%
#0187 Grass Flying Hoppip
61%
#0115 Normal Kangaskhan
61%
#0099 Water Kingler
61%
#0098 Water Krabby
61%
#0402 Bug Kricketune
61%
#0473 Ice Ground Mamoswine
61%
#0310 Electric Manectric
61%
#0303 Steel Fairy Mawile
61%
#0312 Electric Minun
61%
#0200 Ghost Misdreavus
61%
#0429 Ghost Mismagius
61%
#0414 Bug Flying Mothim
61%
#0290 Bug Ground Nincada
61%
#0279 Water Flying Pelipper
61%
#0186 Water Politoed
61%
#0233 Normal Porygon2
61%
#0474 Normal Porygon-Z
61%
#0409 Rock Rampardos
61%
#0364 Ice Water Sealeo
61%
#0161 Normal Sentret
61%
#0336 Poison Seviper
61%
#0319 Water Dark Sharpedo
61%
#0188 Grass Flying Skiploom
61%
#0287 Normal Slakoth
61%
#0333 Normal Flying Swablu
61%
#0498 Fire Tepig
61%
#0288 Normal Vigoroth
61%
#0365 Ice Water Walrein
61%
#0278 Water Flying Wingull
61%
#0335 Normal Zangoose
61%
#0181 Electric Ampharos
57%
#0482 Psychic Azelf
57%
#0406 Grass Poison Budew
57%
#0323 Fire Ground Camerupt
57%
#0433 Psychic Chingling
57%
#0346 Rock Grass Cradily
57%
#0453 Poison Fighting Croagunk
57%
#0502 Water Dewott
57%
#0356 Ghost Dusclops
57%
#0477 Ghost Dusknoir
57%
#0309 Electric Electrike
57%
#0653 Fire Fennekin
57%
#0330 Ground Dragon Flygon
57%
#0205 Bug Steel Forretress
57%
#0162 Normal Furret
57%
#0485 Fire Steel Heatran
57%
#0430 Dark Flying Honchkrow
57%
#0189 Grass Flying Jumpluff
57%
#0401 Bug Kricketot
57%
#0345 Rock Grass Lileep
57%
#0296 Fighting Makuhita
57%
#0179 Electric Mareep
57%
#0308 Fighting Psychic Medicham
57%
#0307 Fighting Psychic Meditite
57%
#0241 Normal Miltank
57%
#0177 Psychic Flying Natu
57%
#0322 Fire Ground Numel
57%
#0499 Fire Fighting Pignite
57%
#0204 Bug Pineco
57%
#0195 Water Ground Quagsire
57%
#0486 Normal Regigigas
57%
#0302 Dark Ghost Sableye
57%
#0503 Water Samurott
57%
#0492 Grass Shaymin
57%
#0410 Rock Steel Shieldon
57%
#0353 Ghost Shuppet
57%
#0218 Fire Slugma
57%
#0215 Dark Ice Sneasel
57%
#0495 Grass Snivy
57%
#0167 Bug Poison Spinarak
57%
#0663 Fire Flying Talonflame
57%
#0465 Grass Tangrowth
57%
#0328 Ground Trapinch
57%
#0480 Psychic Uxie
57%
#0329 Ground Dragon Vibrava
57%
#0494 Psychic Fire Victini
57%
#0637 Bug Fire Volcarona
57%
#0461 Dark Ice Weavile
57%
#0194 Water Ground Wooper
57%
#0178 Psychic Flying Xatu
57%
#0359 Dark Absol
54%
#0347 Rock Bug Anorith
54%
#0348 Rock Bug Armaldo
54%
#0683 Fairy Aromatisse
54%
#0610 Dragon Axew
54%
#0184 Water Fairy Azumarill
54%
#0298 Normal Fairy Azurill
54%
#0343 Ground Psychic Baltoy
54%
#0354 Ghost Banette
54%
#0411 Rock Steel Bastiodon
54%
#0332 Grass Dark Cacturne
54%
#0318 Water Dark Carvanha
54%
#0652 Grass Fighting Chesnaught
54%
#0358 Psychic Chimecho
54%
#0366 Water Clamperl
54%
#0341 Water Corphish
54%
#0222 Water Rock Corsola
54%
#0488 Psychic Cresselia
54%
#0225 Ice Flying Delibird
54%
#0655 Fire Psychic Delphox
54%
#0452 Poison Dark Drapion
54%
#0083 Normal Flying Farfetch’d
54%
#0662 Fire Flying Fletchinder
54%
#0661 Normal Flying Fletchling
54%
#0657 Water Frogadier
54%
#0203 Normal Psychic Girafarig
54%
#0368 Water Gorebyss
54%
#0367 Water Huntail
54%
#0166 Bug Flying Ledian
54%
#0165 Bug Flying Ledyba
54%
#0607 Ghost Fire Litwick
54%
#0337 Rock Psychic Lunatone
54%
#0219 Fire Rock Magcargo
54%
#0183 Water Fairy Marill
54%
#0439 Psychic Fairy Mime Jr.
54%
#0224 Water Octillery
54%
#0501 Water Oshawott
54%
#0519 Normal Flying Pidove
54%
#0369 Water Rock Relicanth
54%
#0223 Water Remoraid
54%
#0315 Grass Poison Roselia
54%
#0407 Grass Poison Roserade
54%
#0497 Grass Serperior
54%
#0496 Grass Servine
54%
#0451 Poison Bug Skorupi
54%
#0338 Rock Psychic Solrock
54%
#0327 Normal Spinda
54%
#0234 Normal Stantler
54%
#0454 Poison Fighting Toxicroak
54%
#0357 Grass Flying Tropius
54%
#0721 Fire Water Volcanion
54%
#0320 Water Wailmer
54%
#0321 Water Wailord
54%
#0716 Fairy Xerneas
54%
#0193 Bug Flying Yanma
54%
#0698 Rock Ice Amaura
50%
#0182 Grass Bellossom
50%
#0654 Fire Braixen
50%
#0609 Ghost Fire Chandelure
50%
#0344 Ground Psychic Claydol
50%
#0638 Steel Fighting Cobalion
50%
#0342 Water Dark Crawdaunt
50%
#0633 Dark Dragon Deino
50%
#0232 Ground Donphan
50%
#0680 Steel Ghost Doublade
50%
#0587 Electric Flying Emolga
50%
#0180 Electric Flaaffy
50%
#0706 Dragon Goodra
50%
#0574 Psychic Gothita
50%
#0210 Fairy Granbull
50%
#0440 Normal Happiny
50%
#0679 Steel Ghost Honedge
50%
#0314 Bug Illumise
50%
#0506 Normal Lillipup
50%
#0370 Water Luvdisc
50%
#0490 Water Manaphy
50%
#0226 Water Flying Mantine
50%
#0517 Psychic Munna
50%
#0518 Psychic Musharna
50%
#0714 Flying Dragon Noibat
50%
#0417 Electric Pachirisu
50%
#0515 Water Panpour
50%
#0511 Grass Pansage
50%
#0513 Fire Pansear
50%
#0231 Ground Phanpy
50%
#0489 Water Phione
50%
#0651 Grass Quilladin
50%
#0643 Dragon Fire Reshiram
50%
#0479 Electric Ghost Rotom
50%
#0213 Bug Rock Shuckle
50%
#0516 Water Simipour
50%
#0512 Grass Simisage
50%
#0514 Fire Simisear
50%
#0209 Fairy Snubbull
50%
#0618 Ground Electric Stunfisk
50%
#0709 Ghost Grass Trevenant
50%
#0696 Rock Dragon Tyrunt
50%
#0521 Normal Flying Unfezant
50%
#0313 Bug Volbeat
50%
#0505 Normal Watchog
50%
#0469 Bug Flying Yanmega
50%
#0717 Dark Flying Yveltal
50%
#0644 Dragon Electric Zekrom
50%
#0718 Dragon Ground Zygarde
50%
#0460 Grass Ice Abomasnow
46%
#0681 Steel Ghost Aegislash
46%
#0699 Rock Ice Aurorus
46%
#0522 Electric Blitzle
46%
#0437 Steel Psychic Bronzong
46%
#0436 Steel Psychic Bronzor
46%
#0427 Normal Buneary
46%
#0331 Grass Cacnea
46%
#0421 Grass Cherrim
46%
#0415 Bug Flying Combee
46%
#0301 Normal Delcatty
46%
#0719 Rock Fairy Diancie
46%
#0426 Ghost Flying Drifblim
46%
#0611 Dragon Fraxure
46%
#0423 Water Ground Gastrodon
46%
#0649 Bug Steel Genesect
46%
#0526 Rock Gigalith
46%
#0673 Grass Gogoat
46%
#0576 Psychic Gothitelle
46%
#0575 Psychic Gothorita
46%
#0533 Fighting Gurdurr
46%
#0507 Normal Herdier
46%
#0720 Psychic Ghost Hoopa
46%
#0635 Dark Dragon Hydreigon
46%
#0646 Dragon Ice Kyurem
46%
#0608 Ghost Fire Lampent
46%
#0636 Bug Fire Larvesta
46%
#0108 Normal Lickitung
46%
#0428 Normal Lopunny
46%
#0481 Psychic Mesprit
46%
#0715 Flying Dragon Noivern
46%
#0536 Water Ground Palpitoad
46%
#0624 Dark Steel Pawniard
46%
#0708 Ghost Grass Phantump
46%
#0710 Ghost Grass Pumpkaboo
46%
#0668 Fire Normal Pyroar
46%
#0211 Water Poison Qwilfish
46%
#0422 Water Shellos
46%
#0300 Normal Skitty
46%
#0235 Normal Smeargle
46%
#0459 Grass Ice Snover
46%
#0442 Ghost Dark Spiritomb
46%
#0508 Normal Stoutland
46%
#0185 Rock Sudowoodo
46%
#0532 Fighting Timburr
46%
#0520 Normal Flying Tranquill
46%
#0697 Rock Dragon Tyrantrum
46%
#0201 Psychic Unown
46%
#0416 Bug Flying Vespiquen
46%
#0629 Dark Flying Vullaby
46%
#0360 Psychic Wynaut
46%
#0634 Dark Dragon Zweilous
46%
#0190 Normal Aipom
43%
#0424 Normal Ambipom
43%
#0566 Rock Flying Archen
43%
#0567 Rock Flying Archeops
43%
#0531 Normal Audino
43%
#0713 Ice Avalugg
43%
#0614 Ice Beartic
43%
#0625 Dark Steel Bisharp
43%
#0525 Rock Boldore
43%
#0438 Rock Bonsly
43%
#0418 Water Buizel
43%
#0659 Normal Bunnelby
43%
#0703 Rock Fairy Carbink
43%
#0455 Grass Carnivine
43%
#0565 Water Rock Carracosta
43%
#0420 Grass Cherubi
43%
#0534 Fighting Conkeldurr
43%
#0546 Grass Fairy Cottonee
43%
#0613 Ice Cubchoo
43%
#0702 Electric Fairy Dedenne
43%
#0660 Normal Ground Diggersby
43%
#0425 Ghost Flying Drifloon
43%
#0621 Dragon Druddigon
43%
#0580 Water Flying Ducklett
43%
#0578 Psychic Duosion
43%
#0632 Bug Steel Durant
43%
#0603 Electric Eelektrik
43%
#0295 Normal Exploud
43%
#0597 Grass Steel Ferroseed
43%
#0598 Grass Steel Ferrothorn
43%
#0596 Bug Electric Galvantula
43%
#0704 Dragon Goomy
43%
#0711 Ghost Grass Gourgeist
43%
#0701 Fighting Flying Hawlucha
43%
#0612 Dragon Haxorus
43%
#0631 Fire Heatmor
43%
#0695 Electric Normal Heliolisk
43%
#0694 Electric Normal Helioptile
43%
#0449 Ground Hippopotas
43%
#0686 Dark Psychic Inkay
43%
#0595 Bug Electric Joltik
43%
#0352 Normal Kecleon
43%
#0707 Steel Fairy Klefki
43%
#0552 Ground Dark Krokorok
43%
#0553 Ground Dark Krookodile
43%
#0463 Normal Lickilicky
43%
#0549 Grass Lilligant
43%
#0667 Fire Normal Litleo
43%
#0294 Normal Loudred
43%
#0458 Water Flying Mantyke
43%
#0648 Normal Psychic Meloetta
43%
#0674 Fighting Pancham
43%
#0675 Fighting Dark Pangoro
43%
#0504 Normal Patrat
43%
#0509 Dark Purrloin
43%
#0579 Psychic Reuniclus
43%
#0524 Rock Roggenrola
43%
#0551 Ground Dark Sandile
43%
#0539 Fighting Sawk
43%
#0560 Dark Fighting Scrafty
43%
#0559 Dark Fighting Scraggy
43%
#0537 Water Ground Seismitoad
43%
#0672 Grass Skiddo
43%
#0705 Dragon Sliggoo
43%
#0577 Psychic Solosis
43%
#0682 Fairy Spritzee
43%
#0581 Water Flying Swanna
43%
#0216 Normal Teddiursa
43%
#0639 Rock Fighting Terrakion
43%
#0538 Fighting Throh
43%
#0641 Flying Tornadus
43%
#0535 Water Tympole
43%
#0602 Electric Tynamo
43%
#0217 Normal Ursaring
43%
#0547 Grass Fairy Whimsicott
43%
#0293 Normal Whismur
43%
#0202 Psychic Wobbuffet
43%
#0523 Electric Zebstrika
43%
#0571 Dark Zoroark
43%
#0570 Dark Zorua
43%
#0594 Water Alomomola
39%
#0550 Water Basculin
39%
#0712 Ice Bergmite
39%
#0628 Normal Flying Braviary
39%
#0351 Normal Castform
39%
#0441 Normal Flying Chatot
39%
#0615 Ice Cryogonal
39%
#0585 Normal Grass Deerling
39%
#0206 Normal Dunsparce
39%
#0604 Electric Eelektross
39%
#0669 Fairy Flabébé
39%
#0592 Water Ghost Frillish
39%
#0431 Normal Glameow
39%
#0622 Ground Ghost Golett
39%
#0623 Ground Ghost Golurk
39%
#0593 Water Ghost Jellicent
39%
#0647 Water Fighting Keldeo
39%
#0510 Dark Liepard
39%
#0630 Dark Flying Mandibuzz
39%
#0432 Normal Purugly
39%
#0627 Normal Flying Rufflet
39%
#0545 Bug Poison Scolipede
39%
#0435 Poison Dark Skuntank
39%
#0665 Bug Spewpa
39%
#0325 Psychic Spoink
39%
#0434 Poison Dark Stunky
39%
#0192 Grass Sunflora
39%
#0191 Grass Sunkern
39%
#0541 Bug Grass Swadloon
39%
#0564 Water Rock Tirtouga
39%
#0582 Ice Vanillite
39%
#0543 Bug Poison Venipede
39%
#0640 Grass Fighting Virizion
39%
#0666 Bug Flying Vivillon
39%
#0544 Bug Poison Whirlipede
39%
#0562 Ghost Yamask
39%
#0573 Normal Cinccino
36%
#0692 Water Clauncher
36%
#0693 Water Clawitzer
36%
#0691 Poison Dragon Dragalge
36%
#0529 Ground Drilbur
36%
#0557 Bug Rock Dwebble
36%
#0677 Psychic Espurr
36%
#0530 Ground Steel Excadrill
36%
#0419 Water Floatzel
36%
#0671 Fairy Florges
36%
#0326 Psychic Grumpig
36%
#0450 Ground Hippowdon
36%
#0645 Ground Flying Landorus
36%
#0542 Bug Grass Leavanny
36%
#0687 Dark Psychic Malamar
36%
#0619 Fighting Mienfoo
36%
#0620 Fighting Mienshao
36%
#0572 Normal Minccino
36%
#0548 Grass Petilil
36%
#0586 Normal Grass Sawsbuck
36%
#0664 Bug Scatterbug
36%
#0540 Bug Grass Sewaddle
36%
#0690 Poison Water Skrelp
36%
#0685 Fairy Slurpuff
36%
#0684 Fairy Swirlix
36%
#0528 Psychic Flying Swoobat
36%
#0642 Electric Flying Thundurus
36%
#0583 Ice Vanillish
36%
#0584 Ice Vanilluxe
36%
#0527 Psychic Flying Woobat
36%
#0689 Rock Water Barbaracle
32%
#0688 Rock Water Binacle
32%
#0563 Ghost Cofagrigus
32%
#0558 Bug Rock Crustle
32%
#0555 Fire Darmanitan
32%
#0554 Fire Darumaka
32%
#0670 Fairy Floette
32%
#0569 Poison Garbodor
32%
#0316 Poison Gulpin
32%
#0600 Steel Klang
32%
#0599 Steel Klink
32%
#0601 Steel Klinklang
32%
#0556 Grass Maractus
32%
#0561 Psychic Flying Sigilyph
32%
#0317 Poison Swalot
32%
#0568 Poison Trubbish
32%
#0606 Psychic Beheeyem
29%
#0626 Normal Bouffalant
29%
#0605 Psychic Elgyem
29%
#0589 Bug Steel Escavalier
29%
#0676 Normal Furfrou
29%
#0588 Bug Karrablast
29%
#0457 Water Lumineon
29%
#0678 Psychic Meowstic
29%
#0617 Bug Accelgor
25%
#0591 Grass Poison Amoonguss
25%
#0456 Water Finneon
25%
#0590 Grass Poison Foongus
25%
#0616 Bug Shelmet
25%
No matching quizzes found
Score Distribution
Percent of People with Each Score
Percentile by Number Answered
Your Score History
You have not taken this quiz